00466nam a2200181Ia 4500003000400000005001700004008004000021020001500061040000700076041000800083082001600091100001500107245005700122260004100179300000900220440003400229650002100263OSt20250818115640.0210210b1989 xxu||||| |||| 00| 0 eng d a8170411467 cAL aeng a954.03 BAKS aBakshi S R aStruggle for independence b: Jawaharlal Nehru Vol 4 aNew Delhi.bAnmol Publicationsc1989 a279p aIndian Freedom Fighters Vol 4 aJawaharlal Nehru